00447nam a2200181 a 4500001001300000003000900013005001700022008004100039020001000080082001400090100002200104245001500126260003500141300000900176500003500185650002300220700002200243nice12345678IN_TiNIC20260116011323.0070730s1963 rama grp 000 0 urd  ac10000a297bABD2 aAbdul, Abu Saleem aAl-Hasnath aRampurbDaftar Al-Hasnatc1963 a208p aincludes index and biblioraphy aIslam-Meccan Trade1 aAbdul, Abu Saleem